Age of Empires III: Wars of Liberty Civilizations - Statistics

General Stats
  • This quiz has been taken 18 times
  • The average score is 32 of 55
Answer Stats
Culture Group Answer % Correct
Europeans Portuguese
100%
Europeans Spanish
100%
Europeans British
88%
Asians Chinese
88%
Europeans Germans
88%
Native Americans Inca
88%
Latin Americans Brazilians
75%
Europeans Dutch
75%
Europeans French
75%
Asians Japanese
75%
Latin Americans Mexicans
75%
Europeans Austro-Hungarians
63%
Nation-States Bulgarians
63%
Latin Americans Chileans
63%
Latin Americans Colombians
63%
Africans Egyptians
63%
Nation-States Greeks
63%
Native Americans Haudenosaunee
63%
Europeans Italians
63%
Polynesians Maori
63%
Europeans Ottomans
63%
Latin Americans Peruvians
63%
Nation-States Poles
63%
Nation-States Romanians
63%
Europeans Russians
63%
Europeans Swedes
63%
Middle Easterners Afghans
50%
Anglos Americans
50%
Latin Americans Argentines
50%
Anglos Australians
50%
Europeans Belgians
50%
Latin Americans Bolivians
50%
Anglos Canadians
50%
Europeans Danes
50%
Africans Ethiopians
50%
Latin Americans Haitians
50%
Polynesians Hawaiians
50%
Asians Indians
50%
Asians Koreans
50%
Native Americans Lakota
50%
Native Americans Mapuche
50%
Latin Americans Paraguayans
50%
Middle Easterners Persians
50%
Nation-States Serbians
50%
Asians Siamese
50%
Native Americans Tupi
50%
Latin Americans Uruguayans
50%
Asians Vietnamese
50%
Africans Zulu
50%
Asians Acehnese
38%
Middle Easterners Saudis
38%
Europeans Swiss
38%
Middle Easterners Uzbeks
38%
Latin Americans Central Americans
25%
Polynesians Rapa Nui
25%
No matching quizzes found
Score Distribution
Percent of People with Each Score
Percentile by Number Answered
Your Score History
You have not taken this quiz